| 000 | 00597nam a2200229Ia 4500 | ||
|---|---|---|---|
| 003 | OSt | ||
| 005 | 20230517115235.0 | ||
| 008 | 210423s2011 xx 000 0 und d | ||
| 020 | _a9780495119104 | ||
| 040 | _cAL | ||
| 041 | _aeng | ||
| 082 |
_a664 BROA _223 |
||
| 100 |
_aBROWN (Amy). _9106545 |
||
| 245 | _aUnderstanding food: principles and preparation. | ||
| 250 | _a3 | ||
| 260 |
_aNew Delhi _bThomson _c2011 |
||
| 300 |
_axvi,654 _bPB |
||
| 365 |
_b5200 _cINR |
||
| 650 |
_aFood Technology _9106546 |
||
| 906 | _afood: ; preparation. ; principles ; Understanding | ||
| 942 |
_2ddc _cBK |
||
| 999 |
_c164888 _d164888 |
||